Mesopotamia (Record no. 5721)

MARC details
000 -LEADER
campo de control de longitud fija 00976nam a2200289 i 4500
001 - NÚMERO DE CONTROL
campo de control 5721
003 - IDENTIFICADOR DE NÚMERO DE CONTROL
campo de control ES-MaACL
005 - FECHA Y HORA DE LA ÚLTIMA TRANSACCIÓN
campo de control 20250809045450.0
007 - CAMPO FIJO DE DESCRIPCIÓN FÍSICA--INFORMACIÓN GENERAL
campo de control de longitud fija t|
008 - DATOS DE LONGITUD FIJA--INFORMACIÓN GENERAL
campo de control de longitud fija 890516s1987 sp ||||0| spa d
020 ## - NÚMERO INTERNACIONAL ESTÁNDAR DEL LIBRO
Número Internacional Estándar del Libro 84-7600-174-6
080 ## - NÚMERO DE LA CLASIFICACIÓN DECIMAL UNIVERSAL
Número de la Clasificación Decimal Universal 9(35)
100 1# - ENTRADA PRINCIPAL--NOMBRE DE PERSONA
Nombre de persona Roux, Georges.
9 (RLIN) 100108
245 10 - MENCIÓN DEL TÍTULO
Título Mesopotamia
Resto del título : historia politica, economica y cultural /
Mención de responsabilidad, etc. Georges Roux ; prefacio de Jean Bottero ; traducido por Jose Carlos Bermejo Barrera.
260 ## - PUBLICACIÓN, DISTRIBUCIÓN, ETC.
Lugar de publicación, distribución, etc. Madrid :
Nombre del editor, distribuidor, etc. Akal,
Fecha de publicación, distribución, etc. 1987.
300 ## - DESCRIPCIÓN FÍSICA
Extensión 495 p. ;
Dimensiones 22 cm.
490 1# - MENCIÓN DE SERIE
Mención de serie Akal universitaria. Serie Historia Antigua ;
Designación de volumen o secuencia 102
500 ## - NOTA GENERAL
Nota general Cuadros cronologicos.
500 ## - NOTA GENERAL
Nota general Mapas.
500 ## - NOTA GENERAL
Nota general Indices.
651 #4 - PUNTO DE ACCESO ADICIONAL DE MATERIA--NOMBRE GEOGRÁFICO
Nombre geográfico Mesopotamia-
Subdivisión general Historia.
9 (RLIN) 9056
700 1# - ENTRADA AGREGADA--NOMBRE PERSONAL
Nombre de persona Bottéro, Jean.
9 (RLIN) 30800
700 1# - ENTRADA AGREGADA--NOMBRE PERSONAL
Nombre de persona Bermejo Barrera, José Carlos.
9 (RLIN) 28096
830 00 - PUNTO DE ACCESO ADICIONAL DE SERIE-TÍTULO UNIFORME
Título uniforme Akal universitaria.
Nombre de parte o sección de la obra Historia antigua
Designación de volumen o secuencia 102
9 (RLIN) 233059
852 ## - LOCALIZACIÓN
Ubicación ES-MaACL
Número de control de estantería L-12715
Sublocalización o colección R.115682
Nota libre . - rust.
Holdings
Estatus retirado Estado de pérdida Estado de daño No para préstamo Biblioteca de origen Biblioteca actual Ubicación en estantería Fecha de adquisición Fuente de adquisición Total de préstamos Signatura topográfica completa Código de barras Visto por última vez Precio de reemplazo Tipo de ítem Koha
        Biblioteca del Ateneo de Madrid Biblioteca del Ateneo de Madrid Depósito 2 17/01/2008     L-12715 1005802 23/02/2023 23/02/2023 Libro impreso